000 00281nam a2200121Ia 4500
008 190216s9999||||xx |||||||||||||| ||und||
100 _aJohn Kenneth
245 2 _aA Tale Of Two Cities
260 _bBlacke & Son
_c1966
300 _a170p
650 _aEnglish Stories
942 _cBK
999 _c12063
_d12063